Statistics for James Patterson Books about Alex Cross

Click here to take the quiz!

General Stats

  • This quiz has been taken 185 times
  • The average score is 8 of 17

Answer Stats

HintAnswer% Correct
1993Along Came a Spider
81%
2006Cross
80%
1995Kiss the Girls
74%
2001Roses are Red
64%
2001Violets are Blue
64%
2007Double Cross
52%
1997Jack and Jill
49%
1998Cat and Mouse
47%
1999Pop goes the Weasel
38%
2010I, Alex Cross
37%
2011Kill Alex Cross
37%
2005Mary Mary
37%
2009Cross Country
36%
2010Cross Fire
36%
2002Four Blind Mice
35%
2004London Bridges
29%
2003The Big Bad Wolf
29%

Score Distribution

Percentile by Number Answered

Percent of People with Each Score

Your Score History

You have not taken this quiz